000 00363nam a22001217a 4500
082 _a330.943
100 _aCON
245 _aConceptualizing State, Society & Economy: Writings of Nadeem Ul Haque
_cAimen Shakeel Abbasi (Ed)
260 _aIslamabad
_bPakistan Institute of Development Economics
_c2022
300 _a303p
563 _aP.B
942 _2ddc
_cBK
999 _c590171
_d590171